Представление документа в формате RUSMARC

ПолеНазваниеЗначение
  Тип записи a
  Библиографический уровень m
001 Контрольный номер RU/CBS_UL/BASE/559319305
005 Дата корректировки 20240209174743.2
010 Индекс ISBN __
a ISBN 978-5-222-13186-2
b Уточнения в пер.
d Цена 35 р. 00 к.
9 Тираж 3 000 экз.
100 Данные общей обработки __
a Данные общей обработки 20170921d2017 ||| 0rusy0189 ca
101 Язык документа 0_
a Язык текста rus
102 Страна публикации __
a Страна публикации RU
105 Кодированные данные (монография) __
a Кодированные данные (монография) y###||||000|y
200 Заглавие и сведения об ответственности 1_
a Заглавие Штукатурные, шпаклевочные и малярные работы
b Общее обозначение материала Текст
e Сведения, относящиеся к заглавию практическое пособие
f Первые сведения об ответственности В. И. Руденко
205 Сведения об издании __
a Основные сведения об издании Изд. 2-е
210 Выходные данные 1_
a Место издания Ростов-на-Дону
c Издательство Феникс
d Дата издания 2008
215 Физическое описание __
a Объем 251 с.
c Иллюстрации/тип воспроизводства ил.
d Формат 21 см.
225 Серия 0_
a Серия Стройвариант
300 Общие примечания __
a Общие примечания Ограничения по возрасту - 16+
606 Тематические рубрики 0_
a Основная рубрика Отделочные работы - Пособия практические
610 Ключевые слова 0_
a Ключевые слова работы малярные
a Ключевые слова работы штукатурные
a Ключевые слова работы отделочные
a Ключевые слова оштукатуривание
a Ключевые слова шпатлевание
a Ключевые слова справочники
686 Индексы других классификаций __
a Классификационный индекс 38.639
2 Код системы ББК
701 Альтернативная интеллектуальная ответственность _1
a Фамилия Руденко
b Имя (инициалы) В. И.
801 Источник записи _0
a Страна RU
b Организация МБУК ЦБС
c Дата составления 20170921
g Правила каталогизации RCR
801 Источник записи _1
a Страна RU
b Организация МБУК ЦБС г. Ульяновска
c Дата составления 20170921
g Правила каталогизации RCR
899 Данные о местонахождении __
i Авторский знак Ш 94
j Расстановочный фильтр 38.639
901 Тип документа __
t Тип документа m
910 Корректоры записи __
a Корректор записи Скрипина